Ils sont nés un 21 juin - Statistiques

Statistiques générales
  • Ce quiz a été pris 55 fois
  • Le résultat moyen est 6 sur 12
Statistiques - réponses
Réponse % Correct
Amel Bent
85%
Guy Lux
74%
Michel Platini
72%
Jean-Paul Sartre
66%
Françoise Sagan
60%
Manu Chao
58%
Gérard Lanvin
57%
Jean-Pierre Mader
43%
François Baroin
40%
Lana del Rey
36%
Tsilla Chelton
30%
Tony Scott
13%
Aucun quiz correspondant
Distribution des résultats
% des personnes avec chaque résultat
Percentile par nombre de réponses
Votre historique - résultats
Vous n’avez pas pris ce quiz